UBT Library

The challenge of democracy: (Record no. 1352)

000 -LEADER
fixed length control field 00564nam a22001937a 4500
008 - FIXED-LENGTH DATA ELEMENTS--GENERAL INFORMATION
fixed length control field 151103b xxu||||| |||| 00| 0 eng d
020 ## - INTERNATIONAL STANDARD BOOK NUMBER
International Standard Book Number 9780495913092
020 ## - INTERNATIONAL STANDARD BOOK NUMBER
International Standard Book Number 049591309X
041 0# - LANGUAGE CODE
Language code of text/sound track or separate title eng
080 ## - UNIVERSAL DECIMAL CLASSIFICATION NUMBER
Universal Decimal Classification number 321.7
245 10 - TITLE STATEMENT
Title The challenge of democracy:
Statement of responsibility, etc Kenneth Janda; Jeffrey M. Berry; Jerry Goldman;
250 ## -
-- 11th. ed.
260 ## -
-- USA:
-- Wadsworth, Cengage Learning;
-- 2012.
300 ## -
-- 697 f.:
-- me il.;
-- 23 cm.
650 #0 -
-- Demokracia
650 #0 -
-- Qeveria
650 #0 -
-- Politika
942 ## - ADDED ENTRY ELEMENTS (KOHA)
Source of classification or shelving scheme
Item type Books
Holdings
Withdrawn status Lost status Source of classification or shelving scheme Damaged status Not for loan Collection code Permanent location Current location Shelving location Date acquired Total Checkouts Full call number Barcode Date last seen Koha item type
          Koleksioni i përgjithshem UBT - Lipjan UBT - Lipjan Koleksioni i përgjithshem 11/03/2015   321.7 JAN 002-008705 06/23/2017 Books
UBT Library © 2015-2024. All rights reserved University Education for Business and Technology